[Event "Besancon op"]
[Site "Besancon"]
[Date "2005.12.29"]
[Round "6"]
[White "Amiri, Yacine"]
[Black "Marache, Hugo"]
[Result "0-1"]
[WhiteElo "1700"]
[BlackElo "1600"]
[PlyCount "104"]
[EventDate "2005.12.27"]
[EventType "swiss"]
[EventRounds "7"]
[EventCountry "FRA"]
[SourceTitle "CBM 110 Extra"]
[Source "ChessBase"]
[SourceDate "2006.03.10"]
[SourceVersion "2"]
[SourceVersionDate "2006.03.10"]
[SourceQuality "1"]

1. Nf3 d5 2. b3 Nf6 3. Bb2 Bf5 4. e3 Nbd7 5. Be2 a6 6. 0-0 e6 7. d3 Bc5 8. Nbd2 0-0 9. d4 Bd6 10. Bd3 Bxd3 11. cxd3 Nb8 12. Ne5 Ne8 13. f4 Qh4 14. Rf3 Qe7 15. Rh3 Bxe5 16. dxe5 c5 17. Qh5 h6 18. Qg4 Kh8 19. Rf1 f5 20. Qg6 Qf7 21. Qg5 Qg8 22. Rff3 Qh7 23. Rh4 hxg5 24. Rxh7+ Kxh7 25. fxg5 g6 26. Ba3 b6 27. d4 Nd7 28. h4 Rh8 29. g4 Ng7 30. gxf5 Nxf5 31. e4 dxe4 32. Nxe4 cxd4 33. Be7 Kg8 34. Bf6 Rxh4 35. Nd6 Nxd6 36. exd6 Rg4+ 37. Kf1 Rf8 38. Ke2 d3+ 39. Kxd3 Ne5+ 40. Kc3 Rc8+ 41. Kb2 Rg2+ 42. Ka3 Nxf3 43. d7 Rb8 44. d8Q+ Rxd8 45. Bxd8 b5 46. Bb6 Nxg5 47. Ba7 Ne4 48. Be3 Rc2 49. Bf4 a5 50. Be3 b4+ 51. Ka4 Nc3+ 52. Kxa5 Rxa2+ 0-1